<?xml version="1.0" encoding="UTF-8"?>
<record
    xmlns:xsi="http://www.w3.org/2001/XMLSchema-instance"
    xsi:schemaLocation="http://www.loc.gov/MARC21/slim http://www.loc.gov/standards/marcxml/schema/MARC21slim.xsd"
    xmlns="http://www.loc.gov/MARC21/slim">

  <leader>03324cam a2200361 i 4500</leader>
  <controlfield tag="001">8757935</controlfield>
  <controlfield tag="003">CaAEU</controlfield>
  <controlfield tag="005">20250311150104.0</controlfield>
  <controlfield tag="008">170305t20182018ne a          001 0 eng c</controlfield>
  <datafield tag="020" ind1=" " ind2=" ">
    <subfield code="a">9789063694647</subfield>
    <subfield code="q">(paperback)</subfield>
  </datafield>
  <datafield tag="035" ind1=" " ind2=" ">
    <subfield code="a">ocn974698462</subfield>
  </datafield>
  <datafield tag="040" ind1=" " ind2=" ">
    <subfield code="a">BTCTA</subfield>
    <subfield code="b">eng</subfield>
    <subfield code="e">rda</subfield>
    <subfield code="c">BTCTA</subfield>
    <subfield code="d">YDX</subfield>
    <subfield code="d">BDX</subfield>
    <subfield code="d">ERASA</subfield>
    <subfield code="d">NLHHG</subfield>
    <subfield code="d">OCLCQ</subfield>
    <subfield code="d">PIT</subfield>
    <subfield code="d">YDXIT</subfield>
    <subfield code="d">UBY</subfield>
    <subfield code="d">OCLCO</subfield>
    <subfield code="d">QGK</subfield>
    <subfield code="d">UAB</subfield>
    <subfield code="d">AEU</subfield>
  </datafield>
  <datafield tag="042" ind1=" " ind2=" ">
    <subfield code="a">pcc</subfield>
  </datafield>
  <datafield tag="050" ind1=" " ind2="4">
    <subfield code="a">NK1520</subfield>
    <subfield code="b">.B37 2018</subfield>
  </datafield>
  <datafield tag="100" ind1=" " ind2=" ">
    <subfield code="a">B&#xE4;r, Erik,</subfield>
    <subfield code="d">1969-</subfield>
    <subfield code="e">author.</subfield>
  </datafield>
  <datafield tag="245" ind1="1" ind2="0">
    <subfield code="a">WOW worlds of wonder </subfield>
    <subfield code="b">: experience design for curious people </subfield>
    <subfield code="c">/ Erik B&#xE4;r &amp; Stan Boshouwers ; English translations by Mark Hannay.</subfield>
  </datafield>
  <datafield tag="246" ind1="1" ind2="8">
    <subfield code="a">Worlds of wonder</subfield>
  </datafield>
  <datafield tag="246" ind1="3" ind2=" ">
    <subfield code="a">Art of wonder</subfield>
  </datafield>
  <datafield tag="264" ind1=" " ind2="1">
    <subfield code="a">Amsterdam, the Netherlands :</subfield>
    <subfield code="b">BIS Publishers,</subfield>
    <subfield code="c">[2018]</subfield>
  </datafield>
  <datafield tag="264" ind1=" " ind2="4">
    <subfield code="c">&#xA9;2018</subfield>
  </datafield>
  <datafield tag="300" ind1=" " ind2=" ">
    <subfield code="a">271 pages :</subfield>
    <subfield code="b">illustrations (chiefly color) ;</subfield>
    <subfield code="c">29 cm</subfield>
  </datafield>
  <datafield tag="500" ind1=" " ind2=" ">
    <subfield code="a">Includes index.</subfield>
  </datafield>
  <datafield tag="505" ind1=" " ind2=" ">
    <subfield code="a">Part one &#x2014; WHO &#x2014; Introduces the authors and the major vantage point of the book: psychology. Experience design is defined as the design of immersive spaces so as to direct human experience. This space can be virtual (internet) or mental.

Part two &#x2014; WHY &#x2014; Explains why XD is growing so fast in different fields of communication. It connects experience design close to purpose of people and organizations.

Part three &#x2014; WHAT &#x2014; Proposes the main topics of experience design as a task.

Part four &#x2014; HOW &#x2014; Is a practical toolbox for experience designers and their clients. It contains TIPS &amp; instruments for all major steps in the design.

Optional: part five &#x2014; NOW &#x2014; What is our collective mission, where is the real fun?</subfield>
  </datafield>
  <datafield tag="520" ind1=" " ind2=" ">
    <subfield code="a">"Experience Design, the enterprise of creating immersive worlds around people seems to be the biggest star in today's marketing firmament. No other medium is more promising in connecting people to stories, places and ideas. What is the story behind this movement? How did it evolve and what is the best way of navigating in this sector? In this revealing book, two pioneers reconstruct the past 25 years, showing how constructed experience came to be central in our lives. They arrive at an original conclusion: immersive experience design is not just the latest new media extension. It is related to our way of being, of finding our way in life. When used in the right way, it serves as an instrument for massive, multi agent change. 'The Art of Wonder' not only gives a thorough analysis of the psychological foundations of Experience Design and its rise into cultural and commercial realms, it also provides practical tips for how to build engaging worlds for your audiences. Larded with the light hearted history of their own XD-firm, one gets more than a feel for this way of work. From museums to theme parks and from A-brands to governments, Experience Design (XD) is paramount in today's creative industry. Imagination is becoming the ultimate canvas for connecting people to brands, stories, and places."</subfield>
    <subfield code="c">--From vendor.</subfield>
  </datafield>
  <datafield tag="650" ind1=" " ind2="0">
    <subfield code="a">Design</subfield>
    <subfield code="x">Human factors.</subfield>
  </datafield>
  <datafield tag="650" ind1=" " ind2="0">
    <subfield code="a">Design </subfield>
    <subfield code="x">Psychological aspects</subfield>
    <subfield code="9">8900</subfield>
  </datafield>
  <datafield tag="650" ind1=" " ind2="0">
    <subfield code="a">Interactive art</subfield>
    <subfield code="x">Exhibitions</subfield>
    <subfield code="x">Design.</subfield>
  </datafield>
  <datafield tag="650" ind1=" " ind2="0">
    <subfield code="a">Installations (Art)</subfield>
    <subfield code="x">Exhibitions</subfield>
    <subfield code="x">Design.</subfield>
  </datafield>
  <datafield tag="650" ind1=" " ind2="0">
    <subfield code="a">Amusement rides</subfield>
    <subfield code="x">Design.</subfield>
  </datafield>
  <datafield tag="700" ind1=" " ind2=" ">
    <subfield code="a">Boshouwers, Stan,</subfield>
    <subfield code="d">1968-</subfield>
    <subfield code="e">author.</subfield>
  </datafield>
  <datafield tag="700" ind1="1" ind2=" ">
    <subfield code="a">Hannay, Mark,</subfield>
    <subfield code="e">translator.</subfield>
  </datafield>
  <datafield tag="942" ind1=" " ind2=" ">
    <subfield code="2">lcc</subfield>
  </datafield>
  <datafield tag="952" ind1=" " ind2=" ">
    <subfield code="0">0</subfield>
    <subfield code="1">0</subfield>
    <subfield code="2">lcc</subfield>
    <subfield code="4">0</subfield>
    <subfield code="7">0</subfield>
    <subfield code="a">TBS</subfield>
    <subfield code="b">TBS</subfield>
    <subfield code="d">2025-03-11</subfield>
    <subfield code="l">0</subfield>
    <subfield code="o">NK1520 BAR</subfield>
    <subfield code="p">B05934</subfield>
    <subfield code="r">2025-03-11</subfield>
    <subfield code="t">1</subfield>
    <subfield code="w">2025-03-11</subfield>
    <subfield code="y">1</subfield>
  </datafield>
  <datafield tag="999" ind1=" " ind2=" ">
    <subfield code="c">4523</subfield>
    <subfield code="d">4523</subfield>
  </datafield>
</record>
